Statistics for FIFA 23 Ultimate TOTS

Click here to take the quiz!

General Stats

  • This quiz has been taken 106 times
    (94 since last reset)
  • The average score is 29 of 33

Answer Stats

ratposclubplayer% Correct
TOTS Award Winners97STParis Saint-GermainKylian Mbappé
100%
Ultimate TOTS97CFReal MadridKarim Benzema
97%
Ultimate TOTS97CMManchester CityKevin De Bruyne
97%
Ultimate TOTS97LWAC MilanRafael Leão
97%
Ultimate TOTS96RWLiverpoolMohamed Salah
96%
TOTS Award Winners97STManchester CityErling Haaland
95%
Ultimate TOTS98STParis Saint-GermainLionel Messi
95%
Ultimate TOTS95LWManchester UnitedMarcus Rashford
95%
TOTS Award Winners97CMBorussia DortmundJude Bellingham
94%
TOTS Award Winners94GKFC BarcelonaMarc-André ter Stegen
94%
Ultimate TOTS95CBReal MadridÉder Militão
92%
Ultimate TOTS97CAMBayern MunichJamal Musiala
92%
Ultimate TOTS94LBAC MilanTheo Hernández
92%
Ultimate TOTS95LWReal MadridVinícius Júnior
92%
Ultimate TOTS95CMFC BarcelonaPedri
91%
TOTS Award Winners97STFC BarcelonaRobert Lewandowski
91%
Ultimate TOTS92CBArsenalWilliam Saliba
91%
Ultimate TOTS94STAtlético MadridAntoine Griezmann
90%
TOTS Award Winners95CFRB LeipzigChristopher Nkunku
90%
Ultimate TOTS96CBBayern MunichMatthijs de Ligt
90%
Ultimate TOTS92RWBBayer LeverkusenJeremie Frimpong
87%
End of an Era SBC95LBFC BarcelonaJordi Alba
87%
End of an Era SBC93CFLiverpoolRoberto Firmino
87%
End of an Era SBC95CDMFC BarcelonaSergio Busquets
87%
TOTS Award Winners97STNapoliVictor Osimhen
87%
Ultimate TOTS93RWBMarseilleJonathan Clauss
85%
TOTS Award Winners96LWNapoliKhvicha Kvaratskhelia
77%
Ultimate TOTS92CMRC LensSeko Fofana
77%
End of an Era OBJ92CMLiverpoolJames Milner
73%
eUCL Winner Icon SBC94CAMBrazilKaká
73%
End of an Era SBC91RWReal MadridMarco Asensio
59%
End of an Era SBC91RMReal BetisJoaquín
56%
End of an Era SBC92LB1. FC KölnJonas Hector
51%

Score Distribution

Percentile by Number Answered

Percent of People with Each Score

Your Score History

You have not taken this quiz since the last reset